000 00444nam a2200145Ia 4500
008 230917s9999||||xx |||||||||||||| ||und||
040 _e5005150
_aMAIN
041 _aEnglish
082 _a589.9 M277E
100 _aMaheshwari, Rajat
245 0 _aExploration of plants growth promoting endophytic bacteria from nodules and roots of pisum sativum and cicer arietinum from South-West Haryana
260 _c2021
300 _a192 p.
942 _cBK
999 _c9510
_d9510